La Brabançonne - Statistiques

Statistiques générales
  • Ce quiz a été pris 209 fois
  • Le résultat moyen est 49 sur 57
Statistiques - réponses
Paroles % Correct
Belgique
95%
le
95%
Le
95%
Le
95%
Le
95%
la
94%
la
94%
la
94%
la
94%
la
94%
la
94%
Ô
94%
ô
94%
ô
94%
Roi
94%
Roi
94%
Roi
94%
Liberté
93%
Liberté
93%
Liberté
93%
A
92%
a
92%
A
92%
Loi
92%
Loi
92%
Loi
92%
toi
90%
toi
90%
toi
90%
chérie
88%
mère
88%
nos
88%
nos
88%
bras
86%
Patrie
85%
coeurs
83%
notre
83%
et
81%
Et
81%
belle
80%
grande
80%
tu
80%
Tu
80%
toujours
78%
vivras
78%
vivras
78%
Nous
76%
pour
76%
devise
75%
immortelle
75%
unité
74%
Aura
72%
jurons
72%
sang
72%
ton
71%
tous
71%
invincible
67%
Aucun quiz correspondant
Distribution des résultats
% des personnes avec chaque résultat
Percentile par nombre de réponses
Votre historique - résultats
Vous n’avez pas pris ce quiz